[Event "GBR-ch105 Seniors 65"]
[Site "Hull"]
[Date "2018.08.01"]
[Round "4.1"]
[White "Hutchinson, Norman A"]
[Black "Bimpson, Tom"]
[Result "1/2-1/2"]
[WhiteElo "2045"]
[BlackElo "1988"]
[PlyCount "87"]
[EventDate "2018.07.29"]
[EventType "swiss"]
[EventRounds "7"]
[EventCountry "GBR"]

1. e4 d6 2. d4 Nf6 3. Nc3 Nbd7 4. f4 e5 5. Nf3 exd4 6. Qxd4 c6 7. Be3 d5 8.
exd5 Bc5 9. Qd3 Qe7 10. Kd2 O-O 11. Re1 Bxe3+ 12. Qxe3 Qb4 13. Kc1 Nxd5 14.
Nxd5 cxd5 15. Qd4 Qa5 16. Kb1 Nf6 17. Bd3 Bd7 18. Ne5 Bb5 19. Bf5 g6 20. Re3
Qa4 21. Qxa4 Bxa4 22. Ng4 Nxg4 23. Bxg4 d4 24. Rd3 Bc6 25. Bh3 Rfe8 26. Kc1 Re2
27. Rd2 Rae8 28. Kd1 R2e4 29. Rf2 Re3 30. Bg4 d3 31. c3 f5 32. Bf3 Bxf3+ 33.
gxf3 b5 34. Kd2 a5 35. a4 bxa4 36. Ra1 Re2+ 37. Rxe2 Rxe2+ 38. Kxd3 Rxb2 39.
Rxa4 Rxh2 40. Rxa5 Rf2 41. Ke3 Rc2 42. Ra8+ Kg7 43. Ra7+ Kg8 44. Ra8+ 1/2-1/2

[Event "GBR-ch105 Seniors 65"]
[Site "Hull"]
[Date "2018.08.01"]
[Round "4.2"]
[White "Shephard, Chris CW"]
[Black "Jackson, Oliver A"]
[Result "1/2-1/2"]
[WhiteElo "2201"]
[BlackElo "2143"]
[PlyCount "42"]
[EventDate "2018.07.29"]
[EventType "swiss"]
[EventRounds "7"]
[EventCountry "GBR"]

1. c4 e5 2. Nc3 Nc6 3. Nf3 g6 4. d4 exd4 5. Nxd4 Bg7 6. e3 Nge7 7. Nxc6 Nxc6 8.
Bd2 d6 9. Be2 O-O 10. O-O Be6 11. Rc1 Ne5 12. b3 c6 13. e4 f5 14. exf5 Bxf5 15.
Be3 Qe7 16. Qd2 a6 17. Rfd1 Rad8 18. Bg5 Bf6 19. Bf4 g5 20. Bg3 Kh8 21. Qe3
Rfe8 1/2-1/2

[Event "GBR-ch105 Seniors 65"]
[Site "Hull"]
[Date "2018.08.01"]
[Round "4.3"]
[White "Friedgood, David"]
[Black "Bowmer, Kevin"]
[Result "1/2-1/2"]
[WhiteElo "2188"]
[BlackElo "2039"]
[PlyCount "46"]
[EventDate "2018.07.29"]
[EventType "swiss"]
[EventRounds "7"]
[EventCountry "GBR"]

1. c4 g6 2. Nc3 Bg7 3. d4 Nf6 4. e4 d6 5. Be2 O-O 6. Bg5 Na6 7. Qd2 Qe8 8. h4
h5 9. f3 e5 10. d5 Nc5 11. Nb5 Qd7 12. b4 a6 13. bxc5 axb5 14. c6 bxc6 15. dxc6
Qxc6 16. cxb5 Qc5 17. Rc1 Qa3 18. Bc4 d5 19. Bxf6 dxc4 20. Bxg7 Kxg7 21. Ne2
Be6 22. Nc3 Rfd8 23. Qc2 Rd3 1/2-1/2

[Event "GBR-ch105 Seniors 65"]
[Site "Hull"]
[Date "2018.08.01"]
[Round "4.4"]
[White "James, Geoffrey H"]
[Black "Jones, Chris"]
[Result "1/2-1/2"]
[WhiteElo "2163"]
[BlackElo "2007"]
[PlyCount "33"]
[EventDate "2018.07.29"]
[EventType "swiss"]
[EventRounds "7"]
[EventCountry "GBR"]

1. c4 e5 2. g3 Nf6 3. Bg2 c6 4. d4 Bb4+ 5. Bd2 Bxd2+ 6. Qxd2 d6 7. Nf3 Qe7 8.
Nc3 O-O 9. e3 h6 10. Qc2 e4 11. Nd2 d5 12. O-O Bg4 13. h3 Be6 14. Kh2 Nh7 15.
cxd5 cxd5 16. f3 f5 17. f4 1/2-1/2

[Event "GBR-ch105 Seniors 65"]
[Site "Hull"]
[Date "2018.08.01"]
[Round "4.5"]
[White "Moore, Geoffrey R"]
[Black "Surtees, Michael J"]
[Result "1-0"]
[WhiteElo "1980"]
[BlackElo "2146"]
[PlyCount "81"]
[EventDate "2018.07.29"]
[EventType "swiss"]
[EventRounds "7"]
[EventCountry "GBR"]

1. e4 c6 2. d4 d5 3. e5 Bf5 4. Nf3 e6 5. Be2 Nd7 6. O-O h5 7. a4 h4 8. h3 Qc7
9. a5 Ne7 10. Re1 c5 11. Na3 a6 12. c4 O-O-O 13. Bg5 f6 14. Bxh4 Ng6 15. Bg3
fxe5 16. cxd5 exd5 17. dxc5 Qc6 18. b4 Bxh3 19. gxh3 Rxh3 20. Bf1 Rxg3+ 21.
fxg3 e4 22. Nh2 Nde5 23. Bh3+ Kb8 24. Rxe4 Be7 25. Rd4 Rh8 26. Bg2 Qe6 27. Rxd5
Rxh2 28. Rd8+ Ka7 29. Qd5 Qxd5 30. Rxd5 Rh8 31. Re1 Bf6 32. Rd6 Ne7 33. Rb1
N5c6 34. Nc2 Nf5 35. Rd7 Kb8 36. b5 axb5 37. Rxb5 Bd4+ 38. Nxd4 Nfxd4 39.
Rbxb7+ Kc8 40. a6 Ne2+ 41. Kf2 1-0

[Event "GBR-ch105 Seniors 65"]
[Site "Hull"]
[Date "2018.08.01"]
[Round "4.6"]
[White "Crombleholme, Alan K"]
[Black "Norman, Kenneth I"]
[Result "1-0"]
[WhiteElo "1974"]
[BlackElo "2094"]
[PlyCount "93"]
[EventDate "2018.07.29"]
[EventType "swiss"]
[EventRounds "7"]
[EventCountry "GBR"]

1. d4 Nf6 2. Nf3 g6 3. Bf4 d6 4. e3 Nh5 5. Bg5 h6 6. Bh4 g5 7. Bg3 Bg7 8. Be2
Nxg3 9. hxg3 Nd7 10. c3 e6 11. Qc2 Qe7 12. Nbd2 b6 13. O-O-O Bb7 14. Ne1 O-O-O
15. Bf3 d5 16. e4 g4 17. Bxg4 dxe4 18. Be2 f5 19. Qa4 Kb8 20. Nc2 c5 21. Nb3
Rc8 22. Bb5 Rhd8 23. Bxd7 Rxd7 24. dxc5 Bc6 25. Qb4 Bf8 26. Ne3 Bb7 27. Rxd7
Qxd7 28. Qd4 Qxd4 29. cxd4 bxc5 30. Nxc5 e5 31. Kb1 exd4 32. Nd7+ Kc7 33. Nxf8
Rxf8 34. Nc2 d3 35. Nd4 Rf6 36. Rh5 Bc8 37. Kc1 Kd6 38. Kd2 Ke5 39. Ke3 d2 40.
Rh1 Rd6 41. f4+ Kf6 42. Rd1 Ba6 43. Rxd2 Bd3 44. Ne2 Rc6 45. Nc3 h5 46. Rd1 a6
47. Nd5+ 1-0

[Event "GBR-ch105 Seniors 65"]
[Site "Hull"]
[Date "2018.08.01"]
[Round "4.7"]
[White "Burnett, Jim"]
[Black "Feavyour, John A"]
[Result "0-1"]
[WhiteElo "2088"]
[BlackElo "1980"]
[PlyCount "94"]
[EventDate "2018.07.29"]
[EventType "swiss"]
[EventRounds "7"]
[EventCountry "GBR"]

1. d4 Nf6 2. c4 g6 3. g3 Bg7 4. Bg2 O-O 5. Nc3 d6 6. Nf3 Nbd7 7. O-O e5 8. e4
exd4 9. Nxd4 a6 10. h3 Rb8 11. Re1 Ne5 12. b3 c5 13. Nc2 b5 14. cxb5 axb5 15.
Rb1 b4 16. Nd5 Nxd5 17. Qxd5 Be6 18. Qd1 Qd7 19. Kh2 f5 20. f4 Nf7 21. exf5
Bxf5 22. Bb2 Rbe8 23. Bxg7 Kxg7 24. Qd2 h5 25. Rbd1 Rxe1 26. Rxe1 Re8 27. Ne3
Be4 28. Nd5 Bxd5 29. Bxd5 Nh6 30. Rxe8 Qxe8 31. Kg2 Nf5 32. Kf2 Nd4 33. Qe3
Qxe3+ 34. Kxe3 Nb5 35. Kd3 Nc3 36. Bf3 Nxa2 37. g4 h4 38. g5 Nc3 39. Kc4 Kf8
40. Bg4 Ke7 41. f5 gxf5 42. Bxf5 Ne2 43. Bg4 Nd4 44. Bd1 Ne6 45. g6 Nf4 46. Bc2
Kf6 47. Bf5 Nxg6 0-1

[Event "GBR-ch105 Seniors 65"]
[Site "Hull"]
[Date "2018.08.01"]
[Round "4.8"]
[White "Pickersgill, Adrian O"]
[Black "Anderton, David W"]
[Result "1/2-1/2"]
[WhiteElo "1919"]
[BlackElo "2084"]
[PlyCount "61"]
[EventDate "2018.07.29"]
[EventType "swiss"]
[EventRounds "7"]
[EventCountry "GBR"]

1. e4 e6 2. d4 d5 3. Nc3 Bb4 4. e5 c5 5. Bd2 Ne7 6. Nb5 Bxd2+ 7. Qxd2 O-O 8. f4
Bd7 9. dxc5 Bxb5 10. Bxb5 Qc7 11. Nf3 Qxc5 12. Bd3 Nbc6 13. a3 h6 14. g4 b5 15.
f5 exf5 16. gxf5 Nd4 17. Nxd4 Qxd4 18. O-O-O Qxe5 19. Rhg1 Qf6 20. Rg3 Kh8 21.
Rdg1 Rg8 22. Bxb5 Rab8 23. Rb3 Rgc8 24. Kb1 a6 25. Bd3 Qd4 26. Rf1 f6 27. Rf4
Qg1+ 28. Rf1 Qd4 29. Rf4 Qg1+ 30. Rf1 Qd4 31. Rf4 1/2-1/2

[Event "GBR-ch105 Seniors 65"]
[Site "Hull"]
[Date "2018.08.01"]
[Round "4.9"]
[White "Milnes, Anthony CP"]
[Black "Atkinson, John W"]
[Result "1/2-1/2"]
[WhiteElo "2025"]
[BlackElo "1975"]
[PlyCount "37"]
[EventDate "2018.07.29"]
[EventType "swiss"]
[EventRounds "7"]
[EventCountry "GBR"]

1. f4 d6 2. Nf3 Bg4 3. e4 d5 4. exd5 Qxd5 5. Be2 Nf6 6. Nc3 Qa5 7. d4 c6 8. O-O
e6 9. Ne5 Bxe2 10. Qxe2 Nbd7 11. f5 Nxe5 12. dxe5 Nd7 13. Bf4 O-O-O 14. fxe6
fxe6 15. Ne4 h6 16. Qc4 Qb4 17. Qxb4 Bxb4 18. Rad1 Rhf8 19. c3 1/2-1/2

[Event "GBR-ch105 Seniors 65"]
[Site "Hull"]
[Date "2018.08.01"]
[Round "4.10"]
[White "Levens, David G"]
[Black "Habershon, Paul F"]
[Result "1/2-1/2"]
[WhiteElo "1909"]
[BlackElo "2023"]
[PlyCount "90"]
[EventDate "2018.07.29"]
[EventType "swiss"]
[EventRounds "7"]
[EventCountry "GBR"]

1. e4 Nf6 2. Nc3 d6 3. d4 g6 4. h3 c6 5. Be3 Bg7 6. Be2 O-O 7. Qd2 Re8 8. O-O-O
b5 9. g4 b4 10. Nb1 Nxe4 11. Qxb4 Nd7 12. Bd3 a5 13. Qe1 Nef6 14. Qd2 Nd5 15.
c3 Ba6 16. h4 Bxd3 17. Qxd3 e5 18. h5 exd4 19. Bxd4 Ne5 20. Bxe5 Bxe5 21. Nf3
Bf4+ 22. Nbd2 g5 23. Kc2 Rb8 24. Nd4 Qd7 25. Nc4 Nf6 26. f3 Nd5 27. Rhe1 c5 28.
Nf5 Qa4+ 29. Kb1 Nb6 30. Rxe8+ Qxe8 31. Ncxd6 Qa4 32. Re1 Nd7 33. Re4 Qa3 34.
Nc4 Qa4 35. Ne7+ Kf8 36. Nd5 Qb5 37. Nxf4 gxf4 38. Rxf4 Ne5 39. Qd6+ Kg8 40.
Qxe5 Re8 41. Qd5 Re1+ 42. Kc2 Qa4+ 43. Kd3 Qd1+ 44. Nd2 Qe2+ 45. Kc2 Qd1+
1/2-1/2

[Event "GBR-ch105 Seniors 65"]
[Site "Hull"]
[Date "2018.08.01"]
[Round "4.11"]
[White "Myall, Ivan J"]
[Black "Valentine, Brian J"]
[Result "1-0"]
[WhiteElo "2007"]
[BlackElo "1935"]
[PlyCount "69"]
[EventDate "2018.07.29"]
[EventType "swiss"]
[EventRounds "7"]
[EventCountry "GBR"]

1. d4 Nf6 2. Bf4 e6 3. e3 c5 4. c3 Nc6 5. Bd3 d5 6. Nd2 Bd6 7. Bg3 e5 8. dxc5
Bxc5 9. Bb5 Qe7 10. Ngf3 Bd6 11. Bh4 O-O 12. e4 a6 13. Be2 d4 14. Nc4 Bc7 15.
a4 Be6 16. O-O b5 17. axb5 axb5 18. Ncd2 b4 19. cxd4 exd4 20. Qc2 Rac8 21. Ba6
d3 22. Qc1 Nd4 23. Kh1 Bg3 24. Bxf6 Qxf6 25. Bxc8 Rxc8 26. Qb1 Nxf3 27. Nxf3
Bf4 28. Qxd3 Qxb2 29. Rab1 Qc3 30. Qa6 g6 31. Rfd1 Rb8 32. Qa5 Bg4 33. Rd8+ Kg7
34. Rxb8 Bxb8 35. Qb5 1-0

[Event "GBR-ch105 Seniors 65"]
[Site "Hull"]
[Date "2018.08.01"]
[Round "4.12"]
[White "Reuben, Stewart"]
[Black "Goodwin, Ed H"]
[Result "0-1"]
[WhiteElo "2013"]
[BlackElo "1844"]
[PlyCount "64"]
[EventDate "2018.07.29"]
[EventType "swiss"]
[EventRounds "7"]
[EventCountry "GBR"]

1. c4 c5 2. Nc3 Nc6 3. g3 g6 4. Bg2 Bg7 5. e3 e6 6. Nge2 Nge7 7. d4 cxd4 8.
Nxd4 a6 9. O-O O-O 10. c5 Nxd4 11. exd4 d5 12. Na4 Nf5 13. Nb6 Rb8 14. Bf4 e5
15. Bxe5 Bxe5 16. dxe5 Qe7 17. Bxd5 Qxc5 18. Nxc8 Rfxc8 19. Rc1 Qe7 20. Re1 Rd8
21. f4 h5 22. Qb3 Kg7 23. Red1 b5 24. Rc6 Qa7+ 25. Kh1 Ne3 26. Rf6 Nxd5 27.
Rxd5 Qf2 28. Rd1 Rxd1+ 29. Qxd1 Rc8 30. Rxf7+ Kh6 31. e6 Rc2 32. Qxc2 Qf1# 0-1

[Event "GBR-ch105 Seniors 65"]
[Site "Hull"]
[Date "2018.08.01"]
[Round "4.13"]
[White "Dawson, Alastair G"]
[Black "Chesters, Graham"]
[Result "1/2-1/2"]
[WhiteElo "1802"]
[BlackElo "1987"]
[PlyCount "55"]
[EventDate "2018.07.29"]
[EventType "swiss"]
[EventRounds "7"]
[EventCountry "GBR"]

1. e4 c5 2. Nc3 Nc6 3. g3 d6 4. Bg2 g6 5. Nh3 Bg7 6. d3 h5 7. Be3 Bd7 8. f3 e6
9. Qd2 Qb6 10. Rb1 Nd4 11. O-O Ne7 12. f4 f5 13. Ng5 h4 14. Rfd1 Qc7 15. Ne2
Nxe2+ 16. Qxe2 hxg3 17. hxg3 Bf6 18. Nf3 Bc6 19. Ng5 Bxg5 20. fxg5 e5 21. c4
Rb8 22. b4 cxb4 23. Rxb4 b6 24. Rdb1 Bd7 25. R4b2 Nc6 26. exf5 Bxf5 27. Bd5 Ne7
28. Bg2 1/2-1/2

[Event "GBR-ch105 Seniors 65"]
[Site "Hull"]
[Date "2018.08.01"]
[Round "4.15"]
[White "Brown, Geoffrey M"]
[Black "Kendall, Paul SN"]
[Result "1/2-1/2"]
[WhiteElo "1897"]
[BlackElo "1955"]
[PlyCount "45"]
[EventDate "2018.07.29"]
[EventType "swiss"]
[EventRounds "7"]
[EventCountry "GBR"]

1. f4 g6 2. Nf3 d5 3. e3 Bg7 4. d4 Nh6 5. c3 O-O 6. Be2 Nf5 7. O-O Nd6 8. Nbd2
c6 9. a4 Nd7 10. Ne5 f6 11. Nxd7 Bxd7 12. Qe1 Qc7 13. b3 e5 14. Ba3 exd4 15.
exd4 Rae8 16. Qf2 Re7 17. g3 Rfe8 18. Bf3 Re3 19. Rac1 Bh3 20. Rfe1 Rxe1+ 21.
Rxe1 Rxe1+ 22. Qxe1 Kf7 23. Qe3 1/2-1/2

[Event "GBR-ch105 Seniors 65"]
[Site "Hull"]
[Date "2018.08.01"]
[Round "4.16"]
[White "Hughes, Peter"]
[Black "Stimpson, Philip M"]
[Result "1/2-1/2"]
[WhiteElo "1766"]
[BlackElo "1920"]
[PlyCount "49"]
[EventDate "2018.07.29"]
[EventType "swiss"]
[EventRounds "7"]
[EventCountry "GBR"]

1. d4 Nf6 2. c4 e5 3. dxe5 Ng4 4. Bf4 Nc6 5. Nf3 Bb4+ 6. Nbd2 Qe7 7. e3 Ngxe5
8. Nxe5 Nxe5 9. Be2 Bd6 10. O-O Ng6 11. Bxd6 Qxd6 12. Nf3 Qxd1 13. Rfxd1 d6 14.
h3 b6 15. Nd4 Bb7 16. Bf3 Bxf3 17. Nxf3 Kd7 18. Rac1 f6 19. c5 bxc5 20. Rxc5
Rhb8 21. Rc2 Rb6 22. Nd4 Ne7 23. Nb3 Kc8 24. Nd4 Kd7 25. Nb3 1/2-1/2

[Event "GBR-ch105 Seniors 65"]
[Site "Hull"]
[Date "2018.08.01"]
[Round "4.17"]
[White "Gregg, Alan M"]
[Black "McDonald, Ian"]
[Result "1-0"]
[WhiteElo "1960"]
[BlackElo "1726"]
[PlyCount "85"]
[EventDate "2018.07.29"]
[EventType "swiss"]
[EventRounds "7"]
[EventCountry "GBR"]

1. b3 e5 2. Bb2 d6 3. e3 Nc6 4. Bb5 a6 5. Bxc6+ bxc6 6. d3 Nf6 7. Nd2 g6 8. Ne2
Bg7 9. O-O O-O 10. e4 Re8 11. Nc4 Be6 12. f3 Bxc4 13. dxc4 d5 14. Qd3 a5 15.
Nc3 d4 16. Ne2 Qe7 17. a4 Nd7 18. Qd2 h5 19. Nc1 Kh7 20. Nd3 Bh6 21. Qe2 f6 22.
Ba3 Qf7 23. Bc1 g5 24. g4 h4 25. Bd2 Bf8 26. Qe1 Reb8 27. Bxa5 Nc5 28. Nxc5
Bxc5 29. b4 Bb6 30. Bxb6 cxb6 31. Qe2 c5 32. Rfb1 Qd7 33. bxc5 bxc5 34. Rb5 Qc7
35. Rab1 Rxb5 36. axb5 Qa5 37. Qd3 Rb8 38. Kf2 Kg7 39. Ke2 Kf7 40. Qb3 Rb6 41.
Qb2 Qa8 42. Ra1 Qb8 43. Qa3 1-0

[Event "GBR-ch105 Seniors 65"]
[Site "Hull"]
[Date "2018.08.01"]
[Round "4.19"]
[White "Walkowiak, Adam"]
[Black "Collins, Peter M"]
[Result "1-0"]
[WhiteElo "1702"]
[BlackElo "1901"]
[PlyCount "91"]
[EventDate "2018.07.29"]
[EventType "swiss"]
[EventRounds "7"]
[EventCountry "GBR"]

1. d4 Nf6 2. c4 g6 3. Nc3 Bg7 4. e4 d6 5. Be2 O-O 6. Bg5 Nbd7 7. h4 c5 8. d5
Qa5 9. Qd2 a6 10. f3 Rb8 11. h5 b5 12. cxb5 axb5 13. Nxb5 Rxb5 14. Bxb5 Qxb5
15. hxg6 fxg6 16. Ne2 Ne5 17. O-O Qd3 18. Rad1 Qxd2 19. Rxd2 Ba6 20. b3 h6 21.
Be3 Nh5 22. Rfd1 Bxe2 23. Rxe2 g5 24. a4 Rb8 25. Rb1 Nc4 26. Bc1 Na5 27. b4
cxb4 28. Bd2 Bd4+ 29. Kh2 Bc5 30. e5 dxe5 31. Re4 Nf6 32. Rexb4 Bxb4 33. Rxb4
Rxb4 34. Bxb4 Nxd5 35. Bxa5 Kf7 36. Bd2 Ke6 37. Kg3 Kd6 38. a5 Kc6 39. Kg4 Nc7
40. Kh5 Kd5 41. Kxh6 e4 42. fxe4+ Kxe4 43. Kxg5 Na6 44. g4 Ke5 45. Bc3+ Ke6 46.
Kh6 1-0

[Event "GBR-ch105 Seniors 65"]
[Site "Hull"]
[Date "2018.08.01"]
[Round "4.20"]
[White "Fisher, C Phillip"]
[Black "McKerracher, Douglas"]
[Result "1/2-1/2"]
[WhiteElo "1815"]
[BlackElo "1897"]
[PlyCount "110"]
[EventDate "2018.07.29"]
[EventType "swiss"]
[EventRounds "7"]
[EventCountry "GBR"]

1. e4 d5 2. exd5 Qxd5 3. Nf3 Bg4 4. Be2 Nc6 5. c4 Qd7 6. d4 O-O-O 7. d5 Bxf3 8.
Bxf3 Ne5 9. Be2 e6 10. Nc3 Nf6 11. Be3 exd5 12. cxd5 Nxd5 13. Nxd5 Qxd5 14.
Qxd5 Rxd5 15. f4 Nc6 16. Bf3 Rd6 17. Rc1 Nb4 18. Ke2 Kb8 19. Rhd1 Rxd1 20. Rxd1
Bd6 21. a3 Na6 22. b4 Re8 23. Kf2 Ka8 24. g3 Kb8 25. Rd5 g6 26. b5 Rxe3 27.
Kxe3 Nc5 28. Ke2 Kc8 29. a4 Nxa4 30. Rd3 Nc5 31. Rc3 Ne6 32. Kd3 Nc5+ 33. Kd4
Na4 34. Rc2 Nb6 35. Bd5 Nxd5 36. Kxd5 Kd7 37. Ra2 h5 38. Rxa7 b6 39. Ra8 h4 40.
Rh8 hxg3 41. hxg3 g5 42. Rh7 Ke7 43. Ke4 gxf4 44. gxf4 Kf6 45. Rh5 Kg6 46. Rg5+
Kf6 47. Rd5 Ke6 48. Rh5 Kf6 49. f5 Bc5 50. Rh6+ Ke7 51. Kd5 Bd6 52. Kc6 Be5 53.
f6+ Ke6 54. Kb7 Bd6 55. Kc6 Be5 1/2-1/2

[Event "GBR-ch105 Seniors 65"]
[Site "Hull"]
[Date "2018.08.01"]
[Round "4.21"]
[White "Phillips, William"]
[Black "Price, Andrew"]
[Result "1-0"]
[WhiteElo "1862"]
[BlackElo "1779"]
[PlyCount "109"]
[EventDate "2018.07.29"]
[EventType "swiss"]
[EventRounds "7"]
[EventCountry "GBR"]

1. d4 e6 2. e4 d5 3. exd5 exd5 4. Bd3 Nf6 5. Nf3 Be7 6. O-O Bg4 7. h3 Bh5 8.
Bf4 Nc6 9. c3 Qd7 10. Nbd2 Bg6 11. Qc2 O-O-O 12. Ne5 Nxe5 13. Bxe5 Bd6 14. Nf3
Ne4 15. Nh4 Bxe5 16. dxe5 Qe7 17. Nxg6 hxg6 18. Bxe4 dxe4 19. Qxe4 Kb8 20. Rad1
Rde8 21. Rfe1 Qg5 22. Qg4 Rxe5 23. Qxg5 Rxg5 24. Re7 Rf5 25. Rdd7 Rc8 26. g4
Ra5 27. a3 Rb5 28. b4 c5 29. c4 Rb6 30. b5 a6 31. a4 axb5 32. axb5 Rh8 33. Kg2
f5 34. Rxg7 fxg4 35. hxg4 Re8 36. Rge7 Rf8 37. Rf7 Re8 38. Kf3 Ree6 39. Rd5
Rf6+ 40. Rxf6 Rxf6+ 41. Kg3 b6 42. f4 Kc7 43. Re5 Rd6 44. Re7+ Kc8 45. Re4 Rd3+
46. Kf2 Kd7 47. f5 gxf5 48. gxf5 Rd6 49. Ke3 Rf6 50. Kf4 Kd6 51. Kg5 Rf8 52. f6
Kc7 53. Kg6 Rg8+ 54. Kf7 Rd8 55. Kg7 1-0

[Event "GBR-ch105 Seniors 65"]
[Site "Hull"]
[Date "2018.08.01"]
[Round "4.22"]
[White "Moore, Gillian A"]
[Black "Cresswell, Mike J"]
[Result "1/2-1/2"]
[WhiteElo "1835"]
[BlackElo "1692"]
[PlyCount "66"]
[EventDate "2018.07.29"]
[EventType "swiss"]
[EventRounds "7"]
[EventCountry "GBR"]

1. d4 Nf6 2. Bg5 g6 3. Bxf6 exf6 4. e3 d6 5. Bd3 f5 6. c3 Bg7 7. Nd2 Nd7 8. Ne2
Nf6 9. Qc2 d5 10. O-O-O Ne4 11. Rhf1 Nxd2 12. Rxd2 Be6 13. Nf4 Qd6 14. g3 O-O-O
15. Kb1 Kb8 16. Qb3 Rc8 17. Be2 Qb6 18. Qc2 Rhd8 19. Nd3 Bf8 20. Ka1 c5 21.
dxc5 Bxc5 22. Nxc5 Rxc5 23. Rd4 Rdc8 24. Rfd1 a6 25. Qd2 Qc7 26. Qe1 Qe7 27.
Qh1 Qc7 28. R1d2 Qe5 29. Bf3 Rd8 30. c4 Rdc8 31. Bxd5 Bxd5 32. Rxd5 Rxc4 33.
Qb1 Qc7 1/2-1/2

[Event "GBR-ch105 Seniors 65"]
[Site "Hull"]
[Date "2018.08.01"]
[Round "4.23"]
[White "Illingworth, John B"]
[Black "Smith, David"]
[Result "1/2-1/2"]
[WhiteElo "1631"]
[BlackElo "1916"]
[PlyCount "63"]
[EventDate "2018.07.29"]
[EventType "swiss"]
[EventRounds "7"]
[EventCountry "GBR"]

1. d4 Nf6 2. Nc3 g6 3. e4 d6 4. f4 Bg7 5. Bd3 O-O 6. Nf3 c6 7. O-O Qc7 8. f5 e5
9. dxe5 dxe5 10. Bg5 Nbd7 11. Rb1 Nc5 12. Qe1 Nxd3 13. cxd3 h6 14. Bxf6 Bxf6
15. Nh4 g5 16. Qg3 Kh7 17. Nf3 Qe7 18. Qh3 b6 19. Nd1 Ba6 20. Nf2 Bg7 21. Ng4
f6 22. Nxg5+ fxg5 23. f6 Qd7 24. Rbd1 Bc8 25. Rf5 Qd4+ 26. Kh1 Bxf5 27. fxg7
Bxg4 28. gxf8=N+ Rxf8 29. Qxg4 Rf4 30. Qe6 Qf2 31. h3 g4 32. hxg4 1/2-1/2

[Event "GBR-ch105 Seniors 65"]
[Site "Hull"]
[Date "2018.08.01"]
[Round "4.24"]
[White "Procter, Colin S"]
[Black "Donaghay, Richard H"]
[Result "1/2-1/2"]
[WhiteElo "1780"]
[BlackElo "1856"]
[PlyCount "135"]
[EventDate "2018.07.29"]
[EventType "swiss"]
[EventRounds "7"]
[EventCountry "GBR"]

1. d4 d6 2. Nf3 Bg4 3. e3 Nf6 4. Be2 g6 5. h3 Bf5 6. c4 Bg7 7. O-O O-O 8. Bd3
Qc8 9. Nc3 c5 10. e4 Bd7 11. d5 Na6 12. a3 Nc7 13. Rb1 a6 14. e5 Nfe8 15. Bg5
f6 16. exf6 exf6 17. Bf4 f5 18. Re1 b5 19. Qd2 bxc4 20. Bxc4 Bb5 21. b3 Rb8 22.
Ng5 Qd7 23. Ne6 Nxe6 24. dxe6 Qe7 25. Nd5 Qb7 26. Rbd1 Bxc4 27. bxc4 Bd4 28.
Bh6 Bg7 29. Qg5 Bxh6 30. Qxh6 Qg7 31. Qg5 h6 32. Qe3 Kh7 33. Rb1 Qa7 34. e7 Rg8
35. Rxb8 Qxb8 36. Qe6 Qb2 37. a4 Qd4 38. Rb1 Kg7 39. Ne3 Qf6 40. Qd7 Kf7 41.
Nd5 Qe5 42. Qb7 a5 43. Qa7 Qe4 44. Rc1 Qd4 45. Qxa5 Nf6 46. e8=Q+ Rxe8 47. Qc7+
Kg8 48. Qxd6 Rf8 49. Nxf6+ Rxf6 50. Qxd4 cxd4 51. Rd1 Ra6 52. Rxd4 Rxa4 53. g4
fxg4 54. hxg4 Kf7 55. Kg2 Ke6 56. f3 Ra2+ 57. Kg3 Rc2 58. Kf4 Rc3 59. Ke4 Rc1
60. Kd3 Rd1+ 61. Kc3 Rf1 62. f4 Rg1 63. f5+ gxf5 64. gxf5+ Kxf5 65. c5 Ke5 66.
Ra4 Kd5 67. Rh4 Kxc5 68. Rh5+ 1/2-1/2

[Event "GBR-ch105 Seniors 65"]
[Site "Hull"]
[Date "2018.08.01"]
[Round "4.25"]
[White "Slinger, Anthony J"]
[Black "Calvert, John C"]
[Result "1/2-1/2"]
[WhiteElo "1845"]
[BlackElo "1494"]
[PlyCount "64"]
[EventDate "2018.07.29"]
[EventType "swiss"]
[EventRounds "7"]
[EventCountry "GBR"]

1. e4 e5 2. Nf3 Nc6 3. d4 exd4 4. Bc4 Be7 5. Nxd4 d6 6. Nc3 Nf6 7. Bb3 Nxd4 8.
Qxd4 O-O 9. O-O Be6 10. Qd3 Bxb3 11. axb3 Qd7 12. h3 h6 13. Be3 a6 14. Rad1
Rad8 15. Nd5 Nxd5 16. exd5 Rfe8 17. Bd4 Bf8 18. Rfe1 Rxe1+ 19. Rxe1 Re8 20.
Rxe8 Qxe8 21. Kf1 g6 22. Bf6 Bg7 23. Bxg7 Kxg7 24. Qc3+ Qe5 25. f4 Qxc3 26.
bxc3 f5 27. Ke2 Kf6 28. c4 b6 29. Kf3 Ke7 30. Ke3 Kf6 31. g3 Ke7 32. Kd4 Kf6
1/2-1/2

[Event "GBR-ch105 Seniors 65"]
[Site "Hull"]
[Date "2018.08.01"]
[Round "4.26"]
[White "Mitchell, Robert"]
[Black "Tidmarsh, David A"]
[Result "0-1"]
[WhiteElo "1527"]
[BlackElo "1818"]
[PlyCount "102"]
[EventDate "2018.07.29"]
[EventType "swiss"]
[EventRounds "7"]
[EventCountry "GBR"]

1. d4 d5 2. Bf4 Nf6 3. e3 e6 4. Bd3 Bd6 5. Bg3 Nc6 6. c3 e5 7. dxe5 Nxe5 8. Be2
c6 9. h3 Qc7 10. Bxe5 Bxe5 11. Nf3 Bd6 12. Nbd2 h6 13. Nd4 a6 14. N4f3 Bd7 15.
Nb3 b5 16. a3 O-O 17. Bd3 Rfe8 18. O-O c5 19. Bc2 Rad8 20. Nc1 Qc6 21. Kh1 Ne4
22. Bxe4 dxe4 23. Nd2 Re7 24. Ne2 Qc7 25. Ng1 Rde8 26. Qc2 g5 27. Qd1 Re6 28.
Qe2 Rg6 29. g4 Rf6 30. Rad1 Qc8 31. f3 exf3 32. Rxf3 Rxf3 33. Qxf3 Bc6 34. e4
Bf4 35. Qd3 Qc7 36. Ngf3 Qb7 37. Kg2 Bxd2 38. Qxd2 Bxe4 39. Rf1 Bc6 40. Qd1 Bd5
41. Qd3 Bc4 42. Qd1 Bxf1+ 43. Qxf1 Qe4 44. Kg3 Qe2 45. Qf2 Qxf2+ 46. Kxf2 Kg7
47. h4 gxh4 48. Nxh4 c4 49. Nf5+ Kg6 50. Kf3 Re1 51. Ne3 Rb1 0-1

[Event "GBR-ch105 Seniors 65"]
[Site "Hull"]
[Date "2018.08.01"]
[Round "4.27"]
[White "Downham, Alan F"]
[Black "Harvey, Derek D"]
[Result "1-0"]
[WhiteElo "1990"]
[BlackElo "1577"]
[PlyCount "71"]
[EventDate "2018.07.29"]
[EventType "swiss"]
[EventRounds "7"]
[EventCountry "GBR"]

1. c4 d5 2. cxd5 e6 3. dxe6 Bxe6 4. Nc3 Bd6 5. g3 Qd7 6. Bg2 Nc6 7. d4 Bf5 8.
e4 Bg6 9. Qa4 Bb4 10. Nge2 Bxc3+ 11. bxc3 Nf6 12. f3 O-O 13. O-O a6 14. d5 Ne5
15. Qxd7 Nexd7 16. c4 b6 17. Nd4 Ne5 18. Ba3 Rfe8 19. Rac1 Nfd7 20. Rc3 Rab8
21. f4 Ng4 22. Nc6 Rbc8 23. h3 Nh6 24. Ne7+ Rxe7 25. Bxe7 f6 26. c5 Re8 27.
cxb6 cxb6 28. Ba3 Bxe4 29. Rc7 Bxg2 30. Kxg2 Re2+ 31. Rf2 Re3 32. Bc1 Re7 33.
d6 Rf7 34. g4 Nc5 35. Re2 Rd7 36. Ba3 1-0

[Event "GBR-ch105 Seniors 65"]
[Site "Hull"]
[Date "2018.08.02"]
[Round "5.1"]
[White "Shephard, Chris CW"]
[Black "Hutchinson, Norman A"]
[Result "1/2-1/2"]
[WhiteElo "2201"]
[BlackElo "2045"]
[PlyCount "110"]
[EventDate "2018.07.29"]
[EventType "swiss"]
[EventRounds "7"]
[EventCountry "GBR"]

1. c4 e6 2. Nf3 Nf6 3. g3 d5 4. b3 c5 5. Bg2 Nc6 6. O-O d4 7. d3 Bd6 8. e4 O-O
9. Na3 Nd7 10. Nc2 Qb6 11. Nh4 Be7 12. f4 Bxh4 13. gxh4 Qd8 14. Qe1 e5 15. f5
Kh8 16. Kh1 Qe7 17. Rg1 Rg8 18. Bh3 Nf6 19. Bg5 Bd7 20. h5 Qd6 21. Qh4 h6 22.
Bd2 a5 23. a3 b6 24. Bg2 Ne7 25. Bf3 Bc6 26. Qh3 Nd7 27. Qg2 Nf6 28. h4 Bb7 29.
Qe2 Qc6 30. Raf1 Kh7 31. Kh2 Nd7 32. Kh3 b5 33. Qe1 bxc4 34. bxc4 Qa4 35. Bd1
Qb3 36. Rg3 Qb2 37. Rfg1 Nf6 38. Qf2 Ra6 39. Qe1 Bc6 40. Bxa5 Ba4 41. Bd8 Qb7
42. Qd2 Bxc2 43. Bxe7 Qxe7 44. Qxc2 Rxa3 45. Qg2 Qf8 46. Qb2 Ra7 47. R3g2 Qe7
48. Rg3 Rb7 49. Qg2 Qf8 50. Qa2 Qe7 51. Bf3 Ra7 52. Qg2 Qf8 53. Rb1 Qe7 54. Rg1
Qf8 55. Qb2 Qe7 1/2-1/2